Statistics for TAF Essentials

Click here to take the quiz!

General Stats

  • This quiz has been taken 2 times
  • The average score is 4 of 11

Answer Stats

HintAnswer% Correct
T or F: If flight conditions remain in VFR from a previous TAF stating that there will be VFR conditions, this will warrant a TAF lineF
100%
T or F: You would amend a TAF if a previous TAF indicated flight rules that are not currently occuringT
100%
Max TEMPO time1 hour
50%
What is the critical TAF period?First 6 hours/6 hours
50%
TEMPO Stands for:Temporary
50%
TAF Forecast time period24-30 hours
0%
PROB30 Stands for:30% probability
0%
TAF validity (within how many miles)?5 SM
0%
FM Stands for:From
0%
Vicinity forecast within what range?> 10 SM
0%
Name at least one thing that is part of a scheduled TAFSurface winds/Visibility/Weather conditions/Obstructions to visibility/sky cover/non-convective LLWS/expected "significant changes"
0%

Score Distribution

Percentile by Number Answered

Percent of People with Each Score

Your Score History

You have not taken this quiz